000 00637nam a22002177i 4500
003 URS
005 20250312182559.0
008 170601b xxu||||| |||| 00| 0 eng d
020 _a9789710161157
040 _erda
_cURSP-College Library
_beng
082 _a361.7
_bN19 2012
245 _aWorkbook CWTS-LTS National Service Training Program 2
264 1 _aMalabon City
_bJimczyville Publications
_c2012.
300 _avi, 283pages
_c23cm.
336 _atext
_btxt
_2rdacontent
337 _aunmediated
_bn
_2rdamedia
338 _avolume
_bnc
_2rdacarrier
500 _aIncludes
650 0 _aStudent Services--Training
942 _2lcc
_cF
999 _c8178
_d8178